00332nam a2200133 a 45000010010000000030011000100080041000210350026000620820014000881000018001022450019001202600035001396500024001740000-9158ELIB.Books110520 1918  a(ELIB.Books)0000-9310 a242 bGra aGraham, Billy aUnto the Hills bDallas: Word Publishing c1918 aDevotional Theology